| 000 | 00347nam a22001457a 4500 | ||
|---|---|---|---|
| 008 | 250422b ||||| |||| 00| 0 eng d | ||
| 020 | _a052120786 | ||
| 041 | _aeng | ||
| 080 |
_21975 _a101DOB |
||
| 082 |
_2101DOB _a101DOB |
||
| 100 | _a42 | ||
| 101 | _aFILOZOFI | ||
| 245 |
_aTHE FOUNDATIONS OF NEWTON S ALCHEMY _cB.J.T.DOBBS |
||
| 942 |
_2udc _cBK |
||
| 999 |
_c60681 _d60681 |
||